00454nam a2200205Ia 4500003000400000005001700004008004100021020001800062040000600080041000800086082000800094100002100102245002100123260004000144300000900184500000700193650001900200942001200219999001700231OSt20221222161643.0220803s9999 xx 000 0 und d a9788129142146 c0 aeng a823 aBhagat C.927098 aOne Indian Girl. aNew DelhibRupa Publications.c2016 a272p a20 aGeneral927099 2ddccBK c17225d17225